000 00834nam a22001815i 4500
001 153695
003 ES-MaACL
005 20230906205339.0
008 020516s1895 sp |||| | spa d
040 _aNA
_bspa
_cNA
110 2 _aEscuela de Artes y Oficios (Bilbao)
_9134362
245 1 0 _aMemoria relativa al curso de 1894 á 1895 /
_cpresentada por el Secretario de la Junta Directiva D. Gabriel Vilallonga en sesión pública celebrada para la repartición de premios en 6 de octubre de 1895.
260 _aBilbao :
_b[s.n.],
_c1895 (
_fImprenta de la Casa de Misericordia)
300 _a46 p. ;
_c22 cm.
610 2 4 _aEscuela de Artes y Oficios (Bilbao)-
_vMemorias.
_9153306
700 1 1 _aVilallonga, Gabriel.
_9133718
852 _aES-MaACL
_jT-870-F-3
_z-- Enc. hol., conservando la cub. original
_z-- Enc. en un vol. facticio
999 _c153695
_d153695